Best All Time Player born on each day Part 3 (March) - Statistics

General Stats
  • This quiz has been taken 4 times
  • The average score is 15 of 31
Answer Stats
Date Team Position Accolades Answer % Correct
March 21 Vikings RB 7x pro bowl4x all pro Adrian Peterson
100%
March 14 Bills RB 2x 1K rusher Antowain Smith
100%
March 2 Steelers QB 6x pro bowl2x SB Ben Roethlisberger
100%
March 22 Texans DE 5x pro bowl3x DPOY JJ Watt
100%
March 30 Seahawks CB 5x pro bowl3x all pro Richard Sherman
100%
March 1 Chiefs WR 6x pro bowl3x all pro Tyreek Hill
100%
March 26 Broncos LB 8x pro bowl3x all pro Von Miller
100%
March 7 Steelers RB 9x pro bowl1x all pro Franco Harris
75%
March 11 Panthers TE 3x pro bowl Greg Olsen
75%
March 31 49ers CB 5x pro bowl3x all pro Jimmy Johnson
75%
March 24 Colts QB 14x pro bowl5x MVP Peyton Manning
75%
March 23 Bears WR 6x pro bowl1x all pro Brandon Marshall
50%
March 5 Cowboys WR 5x pro bowl1x all pro Michael Irvin
50%
March 15 Rams QB 9x pro bowl1x all pro Norm Van Brocklin
50%
March 19 Colts RG 4x pro bowl3x all pro Quenton Nelson
50%
March 27 Eagles QB 4x pro bowl1x all pro Randall Cunningham
50%
March 17 Redskins QB 6x pro bowl4x all pro Sammy Baugh
50%
March 8 Steelers WR 4x pro bowl2x SB Hines Ward
25%
March 12 Redskins K 2x pro bowl1x MVP Mark Moseley
25%
March 18 Steelers C 9x pro bowl5x all pro Mike Webster
25%
March 16 Browns TE 3x pro bowl1x all pro Ozzie Newsome
25%
March 20 Saints DE 6x pro bowl5x all pro Rickey Jackson
25%
March 10 Steelers CB 11x pro bowl6x all pro Rod Woodson
25%
March 6 Bengals TE 4x pro bowl1x all pro Bob Trumpy
0%
March 9 Rams RG 6x pro bowl1x all pro Dennis Harrah
0%
March 4 Cowboys RB 6x pro bowl2x all pro Don Perkins
0%
March 29 Giants S 9x pro bowl4x all pro Emlen Tunnell
0%
March 28 Bengals DT 8x pro bowl2x all pro Geno Atkins
0%
March 3 Cowboys RB 2x pro bowl2x all pro Herschel Walker
0%
March 25 Packers LB 3x pro bowl1x all pro Roger Zatkoff
0%
March 13 Chiefs LB 4x pro bowl5x all pro Sherrill Headrick
0%
No matching quizzes found
Score Distribution
Percent of People with Each Score
Percentile by Number Answered
Your Score History
You have not taken this quiz